| 000 | 00420nam a22001817a 4500 | ||
|---|---|---|---|
| 008 | 240314b |||||||| |||| 00| 0 eng d | ||
| 020 | _a9789381301500 | ||
| 040 | _a30 | ||
| 082 | _a615.53 GAN | ||
| 100 | _aGANESHA , B.UDAYA | ||
| 110 | _bAYURVEDA | ||
| 245 | _aCLINICAL PANCHAKARMA MADE EASY | ||
| 250 | _a1 ST | ||
| 260 |
_aVARANASI _bCHAUKHAMBA _c2020 |
||
| 300 | _a80 | ||
| 650 | _aPANCHAKARMA | ||
| 942 | _c01 | ||
| 999 |
_c58608 _d58608 |
||